| 000 | 00879nam a22002897a 4500 | ||
|---|---|---|---|
| 003 | CHAP | ||
| 005 | 20220329143718.0 | ||
| 008 | 110328s1998 mx a r 00010 spa d | ||
| 010 | _a100759 | ||
| 011 | _a101731 | ||
| 020 | _a9701016750 | ||
| 035 | _a112419 | ||
| 040 | _cCHAP | ||
| 082 | 0 | 4 |
_a540 _bR24 |
| 100 | 1 |
_aRecio del Bosque, Francisco Higinio _995003 |
|
| 245 | 1 | 0 |
_aQuímica general _c/por Francisco Higinio Recio del Bosque |
| 260 |
_aMéxico, D.F. : _bMcGraw-Hill, _c1998 |
||
| 300 |
_a133 p. : _bilus. |
||
| 590 |
_aBATCH-UPD _b10 _c20130110 _lUCH01 _h1511 |
||
| 590 |
_aBATCH-UPD _b10 _c20130410 _lUCH01 _h0928 |
||
| 590 |
_aBATCH-UPD _b10 _c20130914 _lUCH01 _h1949 |
||
| 590 |
_aCONVERSION _b10 _c20130109 _lUCH01 _h1356 |
||
| 650 | 1 | 4 |
_aQuímica. _993552 |
| 901 | _aBK | ||
| 942 | _cLIBRO | ||
| 949 |
_a540 R24 _bBC _cLIBRO _d33724002238223 _eLIBRO _h114481 _i112419 _si |
||
| 999 |
_c100759 _d100759 |
||